Obálka Náhled e-knihy:
PDF
Pro půjčování e-knih musíte být přihlášeni.
Jak si půjčit online?

Voda : z nebe až do kohoutku /

Kapka vody se vydává na dobrodružnou pouť světem. Padá z nebe, stéká z hor, tančí v řekách až dorazí do tajemné úpravny. Zvídaví čtenáři se vydají na objevnou cestu plnou vodních záhad a proměn v přírodě.

Uloženo v:
Hlavní autor: Santlerová, Petra, 1987- (Autor)
Další autoři: Koželuhová, Marie (Autor)
Médium: E-kniha
Jazyk:Czech
Vydáno: V Brně : Edika, 2025
Vydání:1. vydání
Témata:
Tagy:
Žádné tagy
LEADER 02294nam a2200541 i 4500
001 312727
003 CZ PrSKC
005 20260601215727.0
007 ta
008 250527s2025 xr a b f 000 j cze
015 |a cnb003686991 
020 |a 9788026620587  |q (vázáno) :  |c Kč 249,00 
035 |a (OCoLC)1527577342 
040 |a BOA001  |b cze  |d ABA001  |e rda 
072 7 |a 556  |x Hydrologie  |2 Konspekt 
072 7 |a 0/9-053.2  |x Literatura pro děti a mládež (naučná)  |2 Konspekt 
080 |a 556  |2 MRF 
080 |a 556.1  |2 MRF 
080 |a (0.062)  |2 MRF 
080 |a (0:82-321.7)  |2 MRF 
080 |a (0.053.2)  |2 MRF 
100 1 |a Santlerová, Petra,  |d 1987-  |7 jo20211114831  |4 aut 
245 1 0 |a Voda :  |b z nebe až do kohoutku /  |c Petra Santlerová ; ilustrace Marie Koželuhová 
250 |a 1. vydání 
264 1 |a V Brně :  |b Edika,  |c 2025 
300 |a 73 stran :  |b barevné ilustrace ;  |c 25 cm 
336 |a text  |b txt  |2 rdacontent 
337 |a bez média  |b n  |2 rdamedia 
338 |a svazek  |b nc  |2 rdacarrier 
520 2 |a Kapka vody se vydává na dobrodružnou pouť světem. Padá z nebe, stéká z hor, tančí v řekách až dorazí do tajemné úpravny. Zvídaví čtenáři se vydají na objevnou cestu plnou vodních záhad a proměn v přírodě. 
521 8 |a Pro čtenáře od 6 let 
650 0 7 |a voda  |7 ph116596  |2 czenas 
650 0 7 |a hydrologický cyklus  |7 ph194817  |2 czenas 
650 0 9 |a water  |2 eczenas 
650 0 9 |a hydrologic cycle  |2 eczenas 
655 7 |a populárně-naučné publikace  |7 fd131864  |2 czenas 
655 7 |a didaktické příběhy  |7 fd132016  |2 czenas 
655 7 |a publikace pro děti  |7 fd133156  |2 czenas 
655 9 |a popular works  |2 eczenas 
655 9 |a didactic stories  |2 eczenas 
655 9 |a children's literature  |2 eczenas 
700 1 |a Koželuhová, Marie  |7 mzk2015895686  |4 ill 
900 |a ABA001  |b 19 
928 9 |a Albatros Media - Edika 
044 |a xr 
910 |a RBIT002 
998 |d 420490  |a https://core.palmknihy.cz/api/books/420490/cover?swehwx  |b https://core.palmknihy.cz/api/books/420490/cover/400?swehwx  |c https://core.palmknihy.cz/api/books/420490/cover/50?swehwx  |e 2035-12-31  |g 80  |i 9788026620587  |k https://core.palmknihy.cz/api/books/420490/preview.pdf  |l   |q 49  |r 1  |s https://www.palmknihy.cz/kniha/420490  |t ebook  |y 2025  |z 0 
999 |d 312725